=LDR 00000nam 2200000 4500 =001 INLIS000000000001864 =005 20230810020349 =035 ##$$a 0010-0823000312 =007 ta =008 230810################g##########0#ind## =020 ##$$a 979-683-200-3 =082 ##$$a 372 =084 ##$$a 372 CON b =100 #$$a Conny R. Semiawan =245 1#$$a Belajar dan Pembelajaran dalam Taraf Usia Dini : $b Pendidikan Prasekolah dan Sekolah Dasar /$c bkkbn =260 ##$$a Jakarta :$b Prenhallindo,$c 2002 =300 ##$$a 170 : $b Ilus ; $c 24 cm =650 #4$$a PENDIDIKAN =520 ##$$a Belajar adalah juga suatu kebutuhan hidup yang "self-generating," yang mengupayakan dirinya sendiri, karena sejak lahir manusia memiliki dorongan melangsungkan hidupnya, menuju tujuan tertentu, sadar atau tidak sadar (Adler:Leitlinie = garis hidup)